000 00847nam a22002531u 4500
001 04641
003 HDC
007 cr bn ---
008 210117p my go d 00 engg
040 _aHDC
110 _aKTMB MMC Cargo Sdn Bhd
245 0 _aKTMB MMC Cargo Sdn Bhd :
_bYour Intermodal Rail Solutions
260 _a[No Place] :
_b[publisher not identified],
_c[no year]
300 _a19 pages :
_billustrations
336 _atext
_2rdacontent
337 _acomputer
_2rdamedia
338 _aonline resource
_2rdacarrier
650 _aRailroads and state
_94768
650 _aRailroads
_94767
856 _zRequest full-text at [email protected]
942 _2lcc
942 _cSLIDE
942 _kSLID 000289
999 _c1966
_d1966